Europe and the faith /

Bibliographic Details
Main Author: Belloc, Hilaire, 1870-1953
Format: Book
Language:English
Published: New York : The Paulist Press : Missionary Society of St. Paul the Apostle in the State of New York, 1921
Subjects:

MARC

Tag First Indicator Second Indicator Subfields
LEADER 00000cam a2200000 4500
001 in00001283313
005 20151004063705.0
008 790221c19211920xx 000 0 eng d
035 |a (OCoLC)04676418 
035 |9 AGX9842AM 
040 |a CLE  |c CLE  |d TXA  |d UtOrBLW 
043 |a e------ 
049 |a TXAM 
090 |a D133  |b .B45 1921 
092 |a 920  |b 166 
100 1 |a Belloc, Hilaire,  |d 1870-1953. 
245 1 0 |a Europe and the faith /  |c by Hilaire Belloc. 
264 1 |a New York :  |b The Paulist Press :  |b Missionary Society of St. Paul the Apostle in the State of New York,  |c 1921 
264 4 |c ©1920 
300 |a xxv, 261 pages ;  |c 20 cm. 
336 |a text  |b txt  |2 rdacontent 
337 |a unmediated  |b n  |2 rdamedia 
338 |a volume  |b nc  |2 rdacarrier 
500 |a "Sine auctoritate nulla vita." 
505 0 |a Introduction.--The Catholic conscience of history.--What was the Roman empire?--What was the church in the Roman empire?--What was the "fall" of the Roman empire?--The beginning of the nations.--What happened in Britain?--The dark ages.--The middle ages.--What was the reformation?--The defection of Britain.--Conclusion. 
651 0 |a Europe  |x History. 
610 2 0 |a Catholic Church. 
999 |a MARS 
999 f f |s 189516b7-122b-32dd-8d31-dd136eeb08e8  |i e3ea5c3e-4b3a-3055-ae85-46b2849e3d63  |t 0 
952 f f |p normal  |a Texas A&M University  |b College Station  |c Sterling C. Evans Library  |d Evans: Library Stacks  |t 0  |e D133 .B45 1921  |h Library of Congress classification  |i unmediated -- volume  |m A14819867911 
998 f f |a D133 .B45 1921  |t 0  |l Evans: Library Stacks